000 00519nam a2200157 i 4500
001 23119
003 ES-MaACL
005 20230906152823.0
007 t|
008 021209s1966 sp ||||1| spa d
100 1 _aAlvarez Villar, Julián.
_920999
245 1 0 _aDe heráldica salmantina
_b: historia de la ciudad en el arte de sus blasones /
_cJulian Alvarez Villar.
260 _aSalamanca :
_bUniversidad Filosofía y Letras,
_c1966.
300 _a246 p., 54 lám. ;
_c24 cm.
852 _aES-MaACL
_jC-32024
_bR.62449
999 _c23119
_d23119